[Event "Barcelona Tres Peons-B 46th"]
[Site "Barcelona"]
[Date "2017.04.21"]
[Round "1.5"]
[White "Ortiz Padro, Pol"]
[Black "Manucharyan, Grigor"]
[Result "1-0"]
[WhiteElo "1457"]
[BlackElo "1719"]
[PlyCount "81"]
[EventDate "2017.04.21"]
[EventType "swiss"]
[EventRounds "9"]
[EventCountry "ESP"]
[SourceTitle "EXT 2024"]
[Source "ChessBase"]
[SourceDate "2023.10.10"]
[SourceVersion "1"]
[SourceVersionDate "2023.10.10"]
[SourceQuality "1"]

1. e4 e6 2. d4 d5 3. Nd2 Nf6 4. e5 Nfd7 5. Bd3 c5 6. c3 Qb6 7. Ne2 Nc6 8. Nf3 Be7 9. 0-0 0-0 10. Rb1 f6 11. exf6 Nxf6 12. a3 Qc7 13. b4 c4 14. Bc2 Ng4 15. h3 Rxf3 16. hxg4 Rf6 17. g5 Rf8 18. Ng3 e5 19. dxe5 Qxe5 20. f4 Qd6 21. Qh5 g6 22. Qh6 d4 23. cxd4 Nxd4 24. Nh5 Nf5 25. Bxf5 Qd4+ 26. Kh1 Rxf5 27. Bb2 c3 28. Rbd1 Qh8 29. Rfe1 Bf8 30. Rd8 cxb2 31. Ree8 b1Q+ 32. Kh2 Kf7 33. Rxf8+ Ke6 34. Rxh8 Rf7 35. Rhe8+ Kf5 36. Ng3+ Kg4 37. Qh3+ Kxf4 38. Qh4+ Bg4 39. Ne2+ Kf5 40. Nd4+ Kf4 41. g3# 1-0